| 000 | 00359nam a2200145Ia 4500 | ||
|---|---|---|---|
| 008 | 221220s9999 xx 000 0 und d | ||
| 020 | _a978-93-90644-24-7 | ||
| 041 | _aEnglish | ||
| 100 | _aBare Act | ||
| 245 | 4 |
_aThe Constitution of India _cby Bare Act |
|
| 260 |
_bL & J Pub. _aDelhi _c2022 |
||
| 300 | _a384 | ||
| 650 | _aConstitution | ||
| 942 |
_2DDC _cBK |
||
| 999 |
_c19393 _d19393 |
||